| 000 | 00453nam a2200181Ia 4500 | ||
|---|---|---|---|
| 008 | 160803s9999 xx 000 0 und d | ||
| 020 | _a9780439457088 | ||
| 100 | _aMiles, Ellen | ||
| 245 | 4 | _aThe twelve dancing princesses / | |
| 245 | _cadapted by Ellen Miles. | ||
| 260 | _aNew York : | ||
| 260 | _bScholastic Inc. | ||
| 260 | _c2003 | ||
| 300 | _a96 pages ; | ||
| 300 | _c20 cm. | ||
| 440 | _aScholastic junior classics. | ||
| 700 | _a890 | ||
| 999 |
_c298441 _d298441 |
||